00329nam a2200133Ia 4500008004100000041000800041082001200049100001500061245001800076250001400094260004400108300003200152365001100184240624s9999 xx 000 0 und d aeng a517 ROY aROYDEN H L aREAL ANALYSIS a(3rd ed.) c2008aNew DelhibPrentice-Hall of India axvii, : 444 : p. : cm. ; 24 cRSb36